000 00881aab a2200217 4500
001 768714001
003 CO-MdFUSB
005 20240613152409.0
008 170523s2000 cr ||||| |||| 00| 0 spa d
022 _a1409-1968
040 _aCO-MdFUSB
_bspa
_cCO-MdFUSB
_dCO-MdFUSB
041 _aspa
100 1 _aKessler, John
_eautor
245 1 0 _aVientos de doctrina a través de la historia :
_bcausas, efectos e implicaciones para la iglesia hoy. Segunda parte
_c/ John Kessler
300 _aVolumen 17. Número 2 (2000), páginas 58-62
_c: 27 cm.
520 _aLas palabras de Cristo ponen en claro que el peligro no se limita a los incrédulos. Aun los vientos doctrinales buenos traen separación.
653 _aVientos de doctrina
773 0 _tApuntes Pastorales
_049442
_960147
_gVolumen 17. Número 2 (2000), páginas 58-62
_qPágina 58
942 _cANA
945 _aJTF-925
999 _c60017
_d60017